al-Adab al-Miṣrī al-qadīm, aw, Adab al-farāʻinah /

محفوظ في:

المؤلف الرئيسي: Hassan, Selim, 1887-1961 (مؤلف)

التنسيق: كتاب

اللغة: Arabic

منشور في: [Cairo] : Muʾassasat Akhbār al-Yawm, 1990.

الموضوعات:

الوسوم: إضافة وسم

لا توجد وسوم, كن أول من يضع وسما على هذه التسجيلة!

رقم الطلب: PJ1481 .H3 v.1

LEADER 01490nam a2200301Ia 4500
003 OSt
005 20230822120412.0
008 130303s1990 ua b 000 0 ara d
952 |0 0  |1 0  |2 lcc  |3 V.1  |4 0  |6 PJ1481 H3 V.00001  |7 1  |9 49656  |a ARCE  |b ARCE  |d 2023-08-22  |l 0  |o PJ1481 .H3 v.1  |p 1027016  |r 2023-08-22 00:00:00  |w 2023-08-22  |y BK 
999 |c 29019  |d 29019 
020 |a 9770800783 (v. 1) 
043 |a f-ua--- 
050 4 |a PJ1481 .H3 v.1 
100 1 |6 880-01  |a Hassan, Selim,   |d 1887-1961,  |e author 
245 1 3 |6 880-02  |a al-Adab al-Miṣrī al-qadīm, aw, Adab al-farāʻinah /   |c Salīm Ḥasan. 
246 3 3 |a Adab al-farāʻinah. 
264 1 |a [Cairo] :  |b Muʾassasat Akhbār al-Yawm,  |c 1990. 
300 |a volume <1> ;   |c 20 cm. 
500 |a Reprint. Originally published : 1945. 
504 |a Includes bibliographical references. 
505 0 |g al-Juzʾ1.  |t Fī al-qiṣaṣ wa-al-ḥikam wa-al-taʾamulāt wa-al-rasāʾil -- 
650 0 |a Egyptian literature  |x History and criticism. 
651 0 |a Egypt  |x History  |y To 332 B.C. 
651 0 |a Egypt  |x History, Ancient. 
880 1 |6 100-01/(3/r  |a حسن، سليم،‪‪‪‪‪‪‪‪‪‪‪‪‪‪‪‪‪‪‪‪‪‪‪‪‪‪‪‪‪‪‪‪‪‪‪‪‪  |d 1887-1961. 
880 1 2 |6 245-02/(3/r  |a الأدب المصري القديم، أو، أدب الفراعنة   |c سليم حسن.‪‪‪‪‪‪‪‪‪‪‪‪‪‪‪‪‪‪‪‪‪‪‪‪‪‪‪‪‪‪‪‪‪‪‪‪‪ 
901 |a reviewed 
942 |c BK  |2 lcc